[Event "Mataro Vinas Memorial-B 13th"]
[Site "Mataro"]
[Date "2017.05.13"]
[Round "3.8"]
[White "Aragones Rubio, M Angel"]
[Black "Ventura Alsina, Francesc"]
[Result "1-0"]
[WhiteElo "1645"]
[BlackElo "1383"]
[PlyCount "89"]
[EventDate "2017.04.22"]
[EventType "swiss"]
[EventRounds "8"]
[EventCountry "ESP"]
[SourceTitle "EXT 2024"]
[Source "ChessBase"]
[SourceDate "2023.10.10"]
[SourceVersion "1"]
[SourceVersionDate "2023.10.10"]
[SourceQuality "1"]

1. e4 g6 2. f4 Bg7 3. Nf3 d6 4. d4 Bd7 5. Bd3 Nc6 6. c3 Nf6 7. 0-0 0-0 8. Na3 a6 9. Nc2 Qc8 10. Be3 b5 11. Rb1 Na5 12. b3 Re8 13. Bd2 Nb7 14. c4 Nh5 15. f5 e5 16. fxg6 fxg6 17. dxe5 dxe5 18. Ng5 Nf6 19. Be3 Nd6 20. c5 Nb7 21. b4 a5 22. a3 Bc6 23. bxa5 h6 24. Nb4 Qd7 25. Nxc6 Qxc6 26. Bxb5 Nxa5 27. Bxc6 Nxc6 28. Qb3+ Kh8 29. Nf7+ Kh7 30. Qb7 Nd4 31. Nxh6 Rxa3 32. Bg5 Rf8 33. Bxf6 Bxf6 34. Ng4 Ne2+ 35. Kh1 Nf4 36. Qxc7+ Bg7 37. g3 Ne6 38. Qe7 Ra6 39. Rxf8 Nxf8 40. Rb6 Ra2 41. Nxe5 Re2 42. Rb7 Ne6 43. Qxe6 Rf2 44. Qd7 Kh6 45. Qxg7+ 1-0